000 00926nam a2200301 a 4500
003 AR-BaBNM
005 20251128203814.0
008 082120s2002 ||||||||||||||000 | spa||
040 _cAR-BaBNM
100 1 _aCapizzano de Capalbo, Beatriz
245 0 0 _aEnciclopedia práctica pre-escolar
_bbases para la estruturación de un sistema educativo
_n3
250 _a7ª ed.
260 _aBuenos Aires
_bLatina
_c1979
300 _a160 p.
_bil.
504 _aBibliografía al final de cada capítulo
650 4 _aORGANIZACION ADMINISTRATIVA
650 4 _aPERSONAL DE EDUCACION
653 _aEDUCACION INICIAL
653 _aJARDINES MATERNALES
653 _aJARDINES DE INFANTES
653 _aEDUCACION PARA LA SALUD
653 _aGABINETES PSICOPEDAGOGICOS
653 _aSUPERVISION DE ESCUELAS
653 _aINTERACCION EDUCATIVA
700 1 _aGonzález Canda, Matilde L. de
942 _cBK
998 _cCarmen
999 _c4998
_d4998